Multiple-Choice-Stadtquiz Gelsenkirchen - Statistiken

Allgemein
  • Dieses Quiz wurde 1.325 mal gespielt
  • Das Durchschnittsergebnis liegt bei 7 aus 10
Antwortstatistiken
Frage Antwort % Korrekt
Gelsenkirchen liegt im Herzen welcher Region? Ruhrgebiet
98%
Wie heißt der größte Fußballverein aus Gelsenkirchen? FC Schalke 04
97%
Wie heißt sein Stadion? Veltins Arena
93%
Und gegen welchen Verein tritt dieser im sogenannten Revierderby an? Borussia Dortmund
90%
Wie wurde Gelsenkirchen im Sommer 2024 von Fans genannt, als Taylor Swift dort auftrat? Swiftkirchen
80%
Wie viele Einwohner hat Gelsenkirchen ungefähr? 260.000
60%
Gelsenkirchen war lange bekannt als „Stadt der …“? 1000 Feuer
54%
Wie heißt der große Zoo in Gelsenkirchen? ZOOM Erlebniswelt
54%
Welche dieser Städte grenzt nicht an Gelsenkirchen? Dortmund
52%
Welcher dieser Flüsse fließt durch Gelsenkirchen? Emscher
37%
Keine übereinstimmenden Quizze gefunden
Verteilung der Resultate
Anzahl Personen mit jedem Resultat
Perzentil nach korrekt beantworteten Fragen
Ihre Resultats-Entwicklung
Sie haben dieses Quiz noch nicht gespielt